Koh Lanta • La tribu maudite - Statistiques

Statistiques générales
  • Ce quiz a été pris 37 fois
  • Le résultat moyen est 11 sur 16
Statistiques - réponses
Question Réponse % Correct
Quels sont les deux capitaines des équipes ? Frédéric et Ugo
97%
Quel capitaine sort par un coup stratégique des fillles de son équipe ? Frédéric
92%
Quel binôme s’illustre particulièrement lors des destins liés Ugo et Ilyesse
89%
Quels sont les deux finalistes ? Charlotte et Thibault
83%
Quel candidat est éliminé par les ambassadeurs ? Emmanuelle
83%
Quel binôme sort pendant les destins liés en ayant en sa possession un collier d’immunité ? Maxim et Cassandre
83%
Qui ne trouve pas le poignard ? Cecile et Jacques
81%
Quel candidat cède un collier d’immunité a Cassandre (revenante) pour éliminer Gustin qui les avait trahis ? Ugo
81%
Quel candidat est eliminé aux portes de la finale ? Ugo
81%
Quelle équipe a très largement remporté le plus d’épreuves ? Les rouges
78%
Quelle aventurière a énervé Gustin, ce qui a la la suite provoqué son élimination ? Sarah
75%
Qui remporte les poteaux ? Charlotte
69%
Qui est la première personne être éliminée ? Cécile
67%
Qui sont les deux ambassadeurs ? Sofia et Gustin
61%
Quel est le ou la première candidate de la tribu maudit à intégrer le jeu au sein des équipes ? Nathanaël
11%
Qui est le grand vainqueur Charlotte
3%
Aucun quiz correspondant
Distribution des résultats
% des personnes avec chaque résultat
Percentile par nombre de réponses
Votre historique - résultats
Vous n’avez pas pris ce quiz